The effects of using reading text on improving learners' fluency in speaking : Master of Education program: Principles and Methods in English Language Education

Nghiên cứu này nhằm để khám phá những ảnh hưởng của sử dụng bài đọc để cải thiện việc nó lưu loát và cũng để điều tra quan điểm của người đọc đối với chiến lược sử dụng bài đọc để nói được lưu loát....

Celý popis

Uloženo v:
Podrobná bibliografie
Hlavní autor: Nguyễn, Thị Thảo Phương
Médium: Kniha
Jazyk:Undetermined
Vydáno: Can Tho Can Tho university 2011
Témata:
Tagy: Přidat tag
Žádné tagy, Buďte první, kdo otaguje tento záznam!
Thư viện lưu trữ: Trung tâm Học liệu Trường Đại học Cần Thơ
LEADER 01223nam a2200229Ia 4500
001 CTU_171584
008 210402s9999 xx 000 0 und d
082 |a 428.43 
082 |b Ph561 
088 |a 60140111 
100 |a Nguyễn, Thị Thảo Phương 
245 4 |a The effects of using reading text on improving learners' fluency in speaking : 
245 0 |b Master of Education program: Principles and Methods in English Language Education 
245 0 |c Nguyễn Thị Thảo Phương ; Nguyễn Hồng Quý ( hướng dẫn khoa học ) 
260 |a Can Tho 
260 |b Can Tho university 
260 |c 2011 
520 |a Nghiên cứu này nhằm để khám phá những ảnh hưởng của sử dụng bài đọc để cải thiện việc nó lưu loát và cũng để điều tra quan điểm của người đọc đối với chiến lược sử dụng bài đọc để nói được lưu loát. 
650 |a Reading comprehension,English,Đọc hiểu,Tiếng Anh 
650 |x Reading skills,Kỹ năng đọc 
904 |i Hồ Thị Cẩm,Qhieu 
980 |a Trung tâm Học liệu Trường Đại học Cần Thơ